000 00611nam a22001937a 4500
999 _c16607
_d16607
003 AR-CdUCM
008 190503b ||||| |||| 00| 0 spa d
040 _aMUNICIPALIDAD PROVINCIAL DEL CUSCO
_cBIBLIOTECA MUNICIPAL DEL CUSCO
082 _a802.792 /
_bA37
100 _aAlegría, Alonso
_936151
245 _aEl cruce sobre el Niágara /
260 _aLima :
_bINC,
_c1974.
300 _a110 páginas ;
_c19 cm.
440 _aInstituto nacional de cultura
_936152
505 _aContenido : Prologo -- Advertencia -- Escenas
650 _aEscenas
_936153
942 _2ddc
_cLIBROS
945 _arah
_d03/05/2019